000 00420nam a2200181Ia 4500
001 8807
005 20260306160637.0
008 260306t2008||||xx |||||||||||||| ||spa||
041 _aESP
082 _a371.337
_bA43
100 _aAllué, Josep M.
_eAUT
245 0 _aEl gran libro de los juegos
260 _c2008
300 _a192 páginas :
_c28 cm.
650 _aGEN
654 _aCED
942 _cLIB
_dJUS
_fJUS
_2ddc
_n
999 _c8807
_d8807